Bundesland nach Bildern - Schwer - Statistiken

Allgemein
  • Dieses Quiz wurde 57 mal gespielt
  • Das Durchschnittsergebnis liegt bei 11 aus 16
Antwortstatistiken
Bildquiz Antwort % Korrekt
Berlin
87%
Rheinland-Pfalz
87%
Schleswig-Holstein
87%
Sachsen
81%
Baden-Württemberg
77%
Bremen
75%
Niedersachsen
73%
Hamburg
67%
Mecklenburg-Vorpommern
65%
Thüringen
62%
Hessen
58%
Nordrhein-Westfalen
58%
Bayern
56%
Brandenburg
56%
Sachsen-Anhalt
52%
Saarland
46%
Keine übereinstimmenden Quizze gefunden
Verteilung der Resultate
Anzahl Personen mit jedem Resultat
Perzentil nach korrekt beantworteten Fragen
Ihre Resultats-Entwicklung
Sie haben dieses Quiz noch nicht gespielt